Countries and capitals first and last in the alphabet by length - Statistics

General Stats
  • This quiz has been taken 89 times
    80 since last reset
  • The average score is 29 of 61
Answer Stats
Answer % Correct
Zambia
84%
Zimbabwe
84%
Afghanistan
81%
Albania
77%
United States
77%
Yemen
77%
Antigua and Barbuda
75%
Azerbaijan
75%
United Kingdom
75%
Angola
67%
Andorra la Vella
65%
United Arab Emirates
65%
Abuja
61%
Argentina
61%
Democratic Republic of the Congo
61%
Republic of the Congo
61%
Togo
61%
Uzbekistan
61%
Venezuela
61%
Apia
56%
Chad
56%
Saint Vincent and the Grenadines
56%
Vietnam
56%
Wellington
56%
Zagreb
56%
Yaren
54%
Antananarivo
53%
Trinidad and Tobago
53%
Vatican City
51%
Bandar Seri Begawan
49%
Benin
49%
Bosnia and Herzegovina
49%
Abu Dhabi
47%
Federated States of Micronesia
46%
Marshall Islands
46%
Suva
46%
Ankara
44%
Sao Tome and Principe
44%
Yerevan
44%
Algiers
42%
Yamoussoukro
42%
Addis Ababa
40%
Solomon Islands
40%
Dominican Republic
39%
Barbados
37%
Windhoek
37%
Central African Republic
35%
Ulaanbaatar
33%
Ashgabat
32%
Equatorial Guinea
30%
Burkina Faso
25%
Vientiane
25%
Czech Republic
23%
Papua New Guinea
23%
Switzerland
21%
Basseterre
19%
Cote d'Ivoire
18%
Saint George's
12%
Port of Spain
11%
Santo Domingo
11%
Guatemala City
7%
No matching quizzes found
Score Distribution
Percent of People with Each Score
Percentile by Number Answered
Your Score History
You have not taken this quiz since the last reset